| 000 | 00556nam a2200193 a 4500 | ||
|---|---|---|---|
| 005 | 20210223125116.0 | ||
| 008 | 030912s1997 mx r 000 0 spa d | ||
| 020 | _a8480881801 | ||
| 035 | _aUPN01000128824 | ||
| 049 | _aCG | ||
| 050 | 4 |
_aHF5681 B2 _bA6.2 1997 |
|
| 100 | 1 | _aAmat Salas, Oriol | |
| 245 | 1 | 0 |
_aAnálisis económico-financiero / _cOriol Amat Salas. |
| 250 | _a16a ed. ampl. y act. | ||
| 260 |
_aBarcelona, Esp.: _bGestión 2000, _c1997. |
||
| 300 |
_a170 p. : _bcuadros, gráfs. |
||
| 650 | 4 |
_aESTADOS FINANCIEROS _98731 |
|
| 905 | _aLibro | ||
| 999 |
_c100997 _d100997 |
||